Quiz de culture générale ! New gen - #1 - Statistiques

Statistiques générales
  • Ce quiz a été pris 72 fois
  • Le résultat moyen est 8 sur 20
Statistiques - réponses
Questions Réponses % Correct
Quel est le seul satellite naturel de la planète Terre ? La Lune
81%
A quel pays appartient le Canal de Suez ? Egypte
75%
Quel est le nom du club regroupant Jimi Hendrix, Janis Joplin, Kurt Cobain et d'autres ? Le Club des 27
75%
Dans quelle ville Jésus est né ? Bethléem
63%
Comment appelle t'on les deux anneaux métalliques suspendus de chaque côtés de la selle, dans lesquels les cavaliers viennent glisser leurs pieds ? les Etriers
55%
Qui a peint "la nuit étoilée" ? Vincent Van Gogh
53%
Quel auteur de pièce de théâtre, auteur des Fausses confidences, à donné son nom au mot "marivaudage" ? Marivaux
52%
Quel club de football remporte sa première et unique Ligue des champions en 1993 ? Olympique de Marseille
52%
Quel est le nom du processus bioénergétique mis en place par les végétaux pour se nourrir et se développer ? Photosynthèse
52%
Quel athlète suédois brille depuis plusieurs années dans l'épreuve de Saut à la perche ? Armand Duplantis
45%
Comment appelle t'on l'opération qu'effectuent les pompes funèbres en plaçant le corps d'un défunt dans son cercueil, avant sa fermeture puis la levée du corps ? La mise en bière
42%
Quel était le nom donné à la coalition qui regroupait l'Allemagne, l'Italie et le Japon durant la Seconde Guerre Mondiale ? L'Axe
25%
Quel réalisateur allemand est à l'origine de Metropolis (1927) et de M (1931) ? Fritz Lang
23%
Quel célèbre jeu vidéo développé par FromSoftware gagne le GOTY (Game Of The Year) en 2022 ? Elden Ring
19%
Quel est le sommet le plus dangereux des Alpes (Plus haut taux de décès) ? Le Cervin
17%
Quel mot latin signifiant "petit homme" à été popularisé par Penfield en neurologie et dans le domaine de l'Alchimie ? Homonculus
13%
Quel est le nom du groupe armé non-officieusement financé par le Rwanda qui sème la terreur dans le Nord-Kivu et Sud-Kivu, régions éloignées du Congo ? M23
11%
Selon les pays occidentaux, quel est le nom donné au système de "cotation" mis en place par le régime chinois pour trier les "bons" et "mauvais" citoyens ? Le Crédit Social
6%
Quel effet musical révolutionnaire fut inventé par Phil Spector dans les années 50 ? Le mur du son
5%
Quel pays à la meilleure gastronomie selon le Tasteatlas de 2023/2024 ? l'Italie
3%
Aucun quiz correspondant
Distribution des résultats
% des personnes avec chaque résultat
Percentile par nombre de réponses
Votre historique - résultats
Vous n’avez pas pris ce quiz